| 000 | 01134nam a22002895a 4500 | ||
|---|---|---|---|
| 003 | OSt | ||
| 005 | 20170118153106.0 | ||
| 008 | 160922s2011 ua frb 000 0 ara d | ||
| 015 | _a2011 / 2264 | ||
| 020 | _a9789774683008 | ||
| 040 |
_aEG-ScBUE _bara _cEG-ScBUE _dEG-ScBUE |
||
| 043 | _af-ua--- | ||
| 082 | 0 | 4 |
_a344.62046 _bهـ ل ا _222 |
| 100 | 1 | _aهلال، أشرف. | |
| 245 | 1 | 0 |
_aتنفيذ الأحكام في جرائم البيئة / _cتأليف أشرف هلال. |
| 250 | _aط. 1. | ||
| 260 |
_aالقاهرة : _bدار النهضه العربية ؛ _bمكتبة الآداب (علي حسن)، _c2011. |
||
| 300 |
_a179 ص. ؛ _c24 سم. |
||
| 504 | _aيشتمل على إرجاعات ببليوجرافية. | ||
| 650 | 7 |
_a تلوث البيئة _xقوانين وتشريعات _zمصر. _2BUEsh |
|
| 650 | 7 |
_aحماية البيئة _xقوانين وتشريعات _zمصر. _2BUEsh |
|
| 650 | 7 |
_aالتحقيق الجنائي _xقوانين وتشريعات _zمصر. _2BUEsh |
|
| 650 | 7 |
_aتنفيذ الأحكام _zمصر. _2BUEsh _941070 |
|
| 651 | _2BUEsh | ||
| 653 |
_bLLAAWW _cJanuary2017 |
||
| 942 | _2ddc | ||
| 999 |
_c23975 _d23947 |
||